000 00344nam a2200133Ia 4500
008 210210b1992 xxu||||| |||| 00| 0 eng d
082 _a158.7 MINI
100 _aMINER (John B).
245 _aIndustrial Organizational Psychology.
260 _aNY
_bMcGraw Hill
_c1992
300 _axxiv,674
690 _aIndustrial Psychology
906 _a048445
999 _c97230
_d97230